Sports Quiz

Random Sports or WWE Quiz

Title Match Competitors 2015 (WWE) Quiz Stats

 Plays Quiz not verified by Sporcle

Score 0/258 Timer 08:00
0 Plays Today
Championship Wrestler % Correct
WWE World Heavyweight ChampionshipJohn Cena
99.1%
United States ChampionshipJohn Cena
99.1%
United States ChampionshipJohn Cena
99.1%
United States ChampionshipJohn Cena
99.1%
United States ChampionshipJohn Cena
99.1%
United States ChampionshipJohn Cena
99.1%
United States ChampionshipJohn Cena
99.1%
United States ChampionshipJohn Cena
99.1%
United States ChampionshipJohn Cena
99.1%
United States ChampionshipJohn Cena
99.1%
United States ChampionshipJohn Cena
99.1%
United States ChampionshipJohn Cena
99.1%
United States ChampionshipJohn Cena
99.1%
United States ChampionshipJohn Cena
99.1%
United States ChampionshipJohn Cena
99.1%
United States ChampionshipJohn Cena
99.1%
United States ChampionshipJohn Cena
99.1%
WWE World Heavyweight ChampionshipJohn Cena
99.1%
United States ChampionshipJohn Cena
99.1%
United States ChampionshipJohn Cena
99%
United States ChampionshipJohn Cena
99%
United States ChampionshipJohn Cena
99%
United States ChampionshipJohn Cena
99%
United States ChampionshipJohn Cena
99%
United States ChampionshipJohn Cena
98.9%
United States ChampionshipJohn Cena
98.9%
WWE World Heavyweight ChampionshipRoman Reigns
98.9%
WWE World Heavyweight ChampionshipRoman Reigns
98.9%
WWE World Heavyweight ChampionshipRoman Reigns
98.9%
WWE World Heavyweight ChampionshipRoman Reigns
98.9%
WWE World Heavyweight ChampionshipSeth Rollins
98.7%
WWE World Heavyweight ChampionshipSeth Rollins
98.3%
United States ChampionshipSeth Rollins
98.3%
WWE World Heavyweight ChampionshipSeth Rollins
98.3%
WWE World Heavyweight ChampionshipSeth Rollins
98.3%
WWE World Heavyweight ChampionshipSeth Rollins
98.3%
WWE World Heavyweight ChampionshipSeth Rollins
98.3%
WWE World Heavyweight ChampionshipSeth Rollins
98.3%
WWE World Heavyweight ChampionshipSeth Rollins
98.3%
WWE World Heavyweight ChampionshipSeth Rollins
98.3%
WWE World Heavyweight ChampionshipSeth Rollins
98.3%
WWE World Heavyweight ChampionshipSeth Rollins
98.3%
United States ChampionshipSeth Rollins
98.3%
WWE World Heavyweight ChampionshipSeth Rollins
98.3%
United States ChampionshipSeth Rollins
98.3%
United States ChampionshipSeth Rollins
98.3%
United States ChampionshipSeth Rollins
98.2%
WWE World Heavyweight ChampionshipRoman Reigns
98%
WWE World Heavyweight ChampionshipRoman Reigns
98%
WWE World Heavyweight ChampionshipDean Ambrose
97.8%
WWE World Heavyweight ChampionshipDean Ambrose
97.8%
Intercontinental ChampionshipDean Ambrose
97.8%
WWE World Heavyweight ChampionshipBrock Lesnar
97.7%
WWE World Heavyweight ChampionshipBrock Lesnar
97.7%
WWE World Heavyweight ChampionshipBrock Lesnar
97.7%
WWE World Heavyweight ChampionshipDean Ambrose
97.4%
WWE World Heavyweight ChampionshipDean Ambrose
97.4%
WWE World Heavyweight ChampionshipDean Ambrose
97.4%
Intercontinental ChampionshipDean Ambrose
97.4%
Intercontinental ChampionshipDean Ambrose
97.4%
United States ChampionshipDean Ambrose
97.4%
Intercontinental ChampionshipKevin Owens
95.6%
Intercontinental Championship Kevin Owens
95.4%
United States ChampionshipKevin Owens
94.9%
NXT ChampionshipKevin Owens
94.9%
NXT ChampionshipKevin Owens
94.9%
NXT ChampionshipKevin Owens
94.9%
Intercontinental ChampionshipKevin Owens
94.9%
Intercontinental ChampionshipKevin Owens
94.9%
WWE World Heavyweight ChampionshipSheamus
94.5%
WWE World Heavyweight ChampionshipSheamus
94.5%
WWE World Heavyweight ChampionshipSheamus
94.5%
WWE World Heavyweight ChampionshipSheamus
94.5%
WWE World Heavyweight ChampionshipRandy Orton
93%
WWE World Heavyweight ChampionshipRandy Orton
93%
WWE World Heavyweight ChampionshipRandy Orton
93%
United States ChampionshipDolph Ziggler
92.5%
Intercontinental ChampionshipDolph Ziggler
92.3%
Intercontinental ChampionshipDolph Ziggler
92.3%
Intercontinental ChampionshipDolph Ziggler
92.3%
Intercontinental ChampionshipDolph Ziggler
92.3%
Intercontinental ChampionshipDaniel Bryan
91.7%
Intercontinental ChampionshipDaniel Bryan
91.7%
United States ChampionshipRusev
91.7%
United States ChampionshipRusev
91.7%
United States ChampionshipRusev
91.7%
Championship Wrestler % Correct
United States ChampionshipRusev
91.7%
United States ChampionshipRusev
91.7%
WWE World Heavyweight ChampionshipKane
91.6%
Tag Team ChampionshipKofi Kingston
91.6%
Tag Team ChampionshipKofi Kingston
91.6%
Tag Team ChampionshipKofi Kingston
91.6%
Tag Team ChampionshipKofi Kingston
91.6%
Tag Team ChampionshipKofi Kingston
91.6%
Tag Team ChampionshipKofi Kingston
91.6%
Tag Team ChampionshipKofi Kingston
91.6%
Tag Team ChampionshipKofi Kingston
91.1%
Tag Team ChampionshipKofi Kingston
90.8%
Tag Team ChampionshipKofi Kingston
90.8%
Tag Team ChampionshipKofi Kingston
90.8%
Tag Team ChampionshipBig E
90.1%
Tag Team ChampionshipBig E
90.1%
Tag Team ChampionshipBig E
90.1%
Tag Team ChampionshipBig E
90.1%
Tag Team ChampionshipBig E
90.1%
Tag Team ChampionshipBig E
90.1%
Tag Team ChampionshipBig E
90.1%
Tag Team ChampionshipBig E
90.1%
United States ChampionshipCesaro
90%
United States ChampionshipCesaro
90%
Tag Team ChampionshipCesaro
90%
Tag Team ChampionshipCesaro
90%
Tag Team ChampionshipCesaro
90%
Tag Team ChampionshipCesaro
90%
Tag Team ChampionshipCesaro
90%
Tag Team ChampionshipCesaro
90%
Tag Team ChampionshipCesaro
90%
Tag Team ChampionshipCesaro
90%
Intercontinental ChampionshipRyback
89.9%
Intercontinental ChampionshipRyback
89.9%
Intercontinental ChampionshipRyback
89.9%
Intercontinental ChampionshipRyback
89.9%
Tag Team ChampionshipJimmy Uso
89.9%
Tag Team ChampionshipJey Uso
89.9%
Tag Team ChampionshipJimmy Uso
89.9%
Tag Team ChampionshipJey Uso
89.9%
Tag Team ChampionshipJimmy Uso
89.9%
Tag Team ChampionshipJey Uso
89.9%
Tag Team ChampionshipJimmy Uso
89.9%
Tag Team ChampionshipJey Uso
89.9%
Tag Team ChampionshipJimmy Uso
89.9%
Tag Team ChampionshipJey Uso
89.9%
Divas ChampionshipNikki Bella
89.9%
Divas ChampionshipNikki Bella
89.9%
Divas ChampionshipNikki Bella
89.9%
Divas ChampionshipNikki Bella
89.9%
Divas ChampionshipNikki Bella
89.9%
Divas ChampionshipNikki Bella
89.9%
Divas ChampionshipNikki Bella
89.9%
Divas ChampionshipNikki Bella
89.9%
Divas ChampionshipNikki Bella
89.9%
Intercontinental ChampionshipSheamus
89.8%
Intercontinental ChampionshipRyback
89.7%
Intercontinental Championship Ryback
89.5%
Tag Team ChampionshipBig E
89.4%
Intercontinental ChampionshipBad News Barrett
89.2%
Intercontinental ChampionshipBad News Barrett
89.2%
Intercontinental ChampionshipBad News Barrett
89.2%
Intercontinental ChampionshipBad News Barrett
89.2%
United States ChampionshipBad News Barrett
89.2%
Tag Team ChampionshipKofi Kingston
89.2%
Tag Team ChampionshipKofi Kingston
89.2%
Intercontinental ChampionshipThe Miz
89.1%
Tag Team ChampionshipBig E
89.1%
Tag Team ChampionshipBig E
89.1%
United States ChampionshipBig E
89%
Tag Team ChampionshipBig E
89%
Intercontinental ChampionshipThe Miz
89%
Tag Team ChampionshipThe Miz
89%
Tag Team ChampionshipThe Miz
89%
Divas ChampionshipPaige
88.5%
Divas ChampionshipPaige
88.5%
Divas ChampionshipPaige
88.5%
Divas ChampionshipPaige
88.5%
Divas ChampionshipPaige
88.5%
Divas ChampionshipPAige
88.5%
Divas ChampionshipPaige
88.5%
WWE World Heavyweight ChampionshipNeville
88.4%
United States ChampionshipNeville
88.4%
NXT ChampionshipNeville
88.4%
Divas ChampionshipNikki Bella
88.3%
Divas ChampionshipNikki Bella
88.3%
Championship Wrestler % Correct
Tag Team ChampionshipXavier Woods
88.3%
Tag Team ChampionshipXavier Woods
88.3%
Tag Team ChampionshipJey Uso
88.1%
Tag Team ChampionshipJimmy Uso
88.1%
United States ChampionshipXavier Woods
88%
Intercontinental ChampionshipLuke Harper
87.7%
Intercontinental ChampionshipKing Barrett
87.6%
Intercontinental ChampionshipBig Show
87.6%
Tag Team ChampionshipBig E
87.4%
Intercontinental ChampionshipRyback
87.4%
Tag Team ChampionshipBig E
87.4%
Divas ChampionshipNikki Bella
87.2%
Intercontinental ChampionshipBig Show
86.8%
Intercontinental Championship Big Show
86.7%
Tag Team ChampionshipKalisto
85.7%
United States ChampionshipKane
85.5%
WWE World Heavyweight ChampionshipSting
85.4%
Divas ChampionshipCharlotte
85.3%
Divas ChampionshipCharlotte
85.3%
Tag Team ChampionshipTyson Kidd
84.9%
Tag Team ChampionshipTyson Kidd
84.9%
Tag Team ChampionshipTyson Kidd
84.9%
Tag Team ChampionshipTyson Kidd
84.9%
Tag Team ChampionshipTyson Kidd
84.9%
Tag Team ChampionshipTyson Kidd
84.9%
Tag Team ChampionshipTyson Kidd
84.9%
Tag Team ChampionshipTyson Kidd
84.9%
Divas ChampionshipCharlotte
84.8%
Divas ChampionshipPaige
84.8%
Divas ChampionshipCharlotte
84.8%
Divas ChampionshipPaige
84.8%
Divas ChampionshipCharlotte
84.8%
Divas ChampionshipPaige
84.8%
Divas ChampionshipCharlotte
84.8%
Tag Team ChampionshipSin Cara
84.7%
Intercontinental ChampionshipStardust
84.6%
United States ChampionshipStardust
84.6%
Tag Team ChampionshipStardust
84.6%
Tag Team ChampionshipSin Cara
84.3%
Tag Team ChampionshipKalisto
84.2%
Intercontinental ChampionshipSin Cara
82%
Tag Team ChampionshipSin Cara
82%
United States ChampionshipSami Zayn
81.9%
Intercontinental ChampionshipR-Truth
80.3%
Intercontinental ChampionshipR-Truth
80.3%
Tag Team ChampionshipKalisto
80%
Tag Team ChampionshipDarren Young
79.5%
Tag Team ChampionshipDarren Young
79.5%
Tag Team ChampionshipDarren Young
79.5%
Tag Team ChampionshipTitus O'Neil
77%
Tag Team ChampionshipGoldust
76.9%
Tag Team ChampionshipDarren Young
76.8%
Divas ChampionshipNaomi
76.6%
Divas ChampionshipNaomi
76.6%
Divas ChampionshipNaomi
76.6%
Tag Team ChampionshipTitus O'Neil
76.4%
Tag Team ChampionshipDarren Young
76.2%
NXT ChampionshipFinn Balor
75.8%
Intercontinental ChampionshipMark Henry
75.5%
Tag Team ChampionshipBubba Ray Dudley
75%
Tag Team ChampionshipBubba Ray Dudley
74.8%
Tag Team ChampionshipD-Von Dudley
74.8%
Tag Team ChampionshipDiego
74.7%
Tag Team ChampionshipDiego
74.7%
Tag Team ChampionshipD-Von Dudley
74.6%
Tag Team ChampionshipFernando
74%
Tag Team ChampionshipFernando
74%
Tag Team ChampionshipDiego
73.6%
Tag Team ChampionshipFernando
73.3%
Tag Team ChampionshipTitus O'Neil
73.1%
Tag Team ChampionshipTitus O'Neil
73.1%
United States ChampionshipAlberto Del Rio
73.1%
United States ChampionshipAlberto Del Rio
73.1%
Tag Team ChampionshipBubba Ray Dudley
72.2%
Tag Team ChampionshipD-Von Dudley
72%
Intercontinental ChampionshipChris Jericho
71.9%
Tag Team ChampionshipViktor
71.7%
Tag Team ChampionshipKonnor
71.2%
Tag Team ChampionshipDamien Mizdow
71.1%
Tag Team ChampionshipDamien Mizdow
71.1%
United States ChampionshipJack Swagger
68.4%
Tag Team ChampionshipTitus O'Neil
66.6%
United States ChampionshipZack Ryder
63.4%
NXT ChampionshipZack Ryder
63.4%
Divas ChampionshipTamina
61%
Tag Team ChampionshipEl Torito
57.2%

You're not logged in!

Compare scores with friends on all Sporcle quizzes.
OR
Log In

Show Comments

Extras

Created Aug 13, 2015ReportNominate
Tags:WWE Quiz, 2015, competitor, event

Top Quizzes Today


Score Distribution

Your Account Isn't Verified!

In order to create a playlist on Sporcle, you need to verify the email address you used during registration. Go to your Sporcle Settings to finish the process.

Report this User

Report this user for behavior that violates our Community Guidelines.

Details: